Saeroun siron / (Record no. 35309)
[ view plain ]
| 000 -LEADER | |
|---|---|
| fixed length control field | 00878cam a2200265 a 4500 |
| 001 - CONTROL NUMBER | |
| control field | k 61000505 |
| 003 - CONTROL NUMBER IDENTIFIER | |
| control field | DLC |
| 005 - DATE AND TIME OF LATEST TRANSACTION | |
| control field | 20260227111524.0 |
| 008 - FIXED-LENGTH DATA ELEMENTS--GENERAL INFORMATION | |
| fixed length control field | 000927s1959 ko 000 0 kor c |
| 010 ## - LIBRARY OF CONGRESS CONTROL NUMBER | |
| LC control number | k 61000505 |
| 035 ## - SYSTEM CONTROL NUMBER | |
| System control number | (CStRLIN)DCLP00-B12458 |
| 040 ## - CATALOGING SOURCE | |
| Original cataloging agency | Harvard Univ. Chinese-Japanese Library |
| Transcribing agency | YNH |
| Modifying agency | DLC-R |
| -- | DLC |
| 043 ## - GEOGRAPHIC AREA CODE | |
| Geographic area code | a-kr--- |
| 050 00 - LIBRARY OF CONGRESS CALL NUMBER | |
| Classification number | PL959.K472 |
| Item number | S24 1959 |
| 066 ## - CHARACTER SETS PRESENT | |
| Alternate G0 or G1 character set | $1 |
| 100 1# - MAIN ENTRY--PERSONAL NAME | |
| Linkage | 880-01 |
| Personal name | Kim, Kyu-dong, |
| Dates associated with a name | 1923- |
| 245 10 - TITLE STATEMENT | |
| Linkage | 880-02 |
| Title | Saeroun siron / |
| Statement of responsibility, etc. | Kim Kyu-dong chŏ. |
| 260 ## - PUBLICATION, DISTRIBUTION, ETC. | |
| Linkage | 880-03 |
| Place of publication, distribution, etc. | [Seoul] : |
| Name of publisher, distributor, etc. | Sanhojang, |
| Date of publication, distribution, etc. | Tanʼgi 4292 [1959] |
| 300 ## - PHYSICAL DESCRIPTION | |
| Extent | 192 p. ; |
| Dimensions | 18 cm. |
| 500 ## - GENERAL NOTE | |
| General note | Colophon inserted. |
| 650 #0 - SUBJECT ADDED ENTRY--TOPICAL TERM | |
| Topical term or geographic name entry element | Korean poetry |
| General subdivision | History and criticism. |
| 880 1# - ALTERNATE GRAPHIC REPRESENTATION | |
| Linkage | 100-01/$1 |
| a | 金 奎東, |
| d | 1923- |
| 880 10 - ALTERNATE GRAPHIC REPRESENTATION | |
| Linkage | 245-02/$1 |
| a | 새로운 詩論 / |
| c | 金 奎東 著. |
| 880 ## - ALTERNATE GRAPHIC REPRESENTATION | |
| Linkage | 260-03/$1 |
| a | [Seoul] : |
| b | 珊瑚莊, |
| c | 檀紀4292 [1959] |
No items available.